000 00966cam a22003131 4500
001 2269
003 FISKH
005 20250903082014.0
008 710408s1968 enk j 000 0 eng
010 _a 68095711
015 _aB68-03701
020 _a9780571226122
040 _aDLC
_cDLC
_dDLC
_beng
050 0 0 _aPZ7.H87398
_bIr
082 _a823.914
100 1 _aHughes, Ted
_d1930-1998.
245 1 4 _aThe iron man:
_ba children's story in five nights;
_cillustrated by Tom Gauld.
250 _aThis edition first published in 2005
260 _aLondon :
_bFaber,
_c1968
300 _a63 pages :
_c21 cm
350 _a13/6
500 _aAmerican ed. (New York, Harper & Row) has title: The iron giant.
505 _aM
520 _aThe fearsome iron giant becomes a hero when he challenges a huge space monster.
521 8 _a760
_bLexile
521 8 _aM
_bRaz-Plus
906 _a7
_bcbc
_corignew
_du
_eopcn
_f19
_gy-gencatlg
942 _2ddc
_cBK
_n0
999 _c2269
_d2269